Мониторинг и прогнозирование технического состояния автономных электротехнических комплексов (Запись № 11570412)
[ простой вид ]
| 000 -МАРКЕР | |
|---|---|
| контрольное поле | 02424nam0a2200373 4500 |
| 001 - ИДЕНТИФИКАТОР ЗАПИСИ | |
| контрольное поле | RU\NLR\BIBL_A\011739401 |
| 005 - ИДЕНТИФИКАТОР ВЕРСИИ | |
| контрольное поле | 20181126152035.0 |
| 010 ## - МЕЖДУНАРОДНЫЙ СТАНДАРТНЫЙ НОМЕР КНИГИ (ISBN) | |
| Номер (ISBN) | 978-5-502-00996-6 |
| Тираж | 100 |
| 021 ## - НОМЕР ГОСУДАРСТВЕННОЙ РЕГИСТРАЦИИ | |
| Код страны | Российская Федерация |
| Номер | КН-П-18-038592 |
| Номер Листа государственной регистраци | КН-П-18-2777 |
| 021 ## - НОМЕР ГОСУДАРСТВЕННОЙ РЕГИСТРАЦИИ | |
| Код страны | Российская Федерация |
| Номер | КН-П-18-038592 |
| Номер Листа государственной регистраци | КН-П-18-3513 |
| 035 ## - ДРУГИЕ СИСТЕМНЫЕ НОМЕРА | |
| Идентификатор записи | (NLR Aleph) 011739401 |
| 035 ## - ДРУГИЕ СИСТЕМНЫЕ НОМЕРА | |
| Идентификатор записи | (RuMoRGB)009583273 |
| 100 ## - ДАННЫЕ ОБЩЕЙ ОБРАБОТКИ | |
| Данные общей обработки | 20180628d2018 k y0rusy50 ca |
| 101 0# - ЯЗЫК РЕСУРСА | |
| Язык текста, звукозаписи и т.д. | русский |
| 102 ## - СТРАНА ПУБЛИКАЦИИ ИЛИ ПРОИЗВОДСТВА | |
| Страна публикации | Российская Федерация |
| 105 ## - ПОЛЕ КОДИРОВАННЫХ ДАННЫХ: ТЕКСТОВЫЕ МАТЕРИАЛЫ, МОНОГРАФИЧЕСКИЕ | |
| Кодированные данные о монографическом текстовом документе | a|||z|||000zy |
| 200 1# - ЗАГЛАВИЕ И СВЕДЕНИЯ ОБ ОТВЕТСТВЕННОСТИ | |
| Основное заглавие | Мониторинг и прогнозирование технического состояния автономных электротехнических комплексов |
| Сведения, относящиеся к заглавию | монография |
| Первые сведения об ответственности | А.В. Серебряков, А.С. Стеклов, В.Г. Титов |
| Последующие сведения об ответственности | Министерство образования и науки Российской Федерации, Федеральное государственное бюджетное образовательное учреждение высшего образования "Нижегородский государственный технический университет им. Р.Е. Алексеева" |
| 210 ## - ПУБЛИКАЦИЯ, РАСПРОСТРАНЕНИЕ И ДР. | |
| Место издания, распространения и т.д. | Нижний Новгород |
| Имя издателя, распространителя и т. д. | Нижегородский государственный технический университет им. Р.Е. Алексеева |
| Дата издания, распространения и т.д. | 2018 |
| 215 ## - ФИЗИЧЕСКАЯ ХАРАКТЕРИСТИКА | |
| Специфическое обозначение материала и объем | 174 с. |
| Другие сведения о физической характеристике | ил., табл. |
| Размеры | 21 |
| 300 ## - ОБЩИЕ ПРИМЕЧАНИЯ | |
| Текст примечания | В вып. дан. 3-й авт.: Титов Владимир Геогриевич [т.е. Георгиевич] |
| 320 ## - ПРИМЕЧАНИЯ О НАЛИЧИИ В ДОКУМЕНТЕ БИБЛИОГРАФИИ / УКАЗАТЕЛЯ | |
| Текст примечания | Библиогр.: с. 166-174 (106 назв.) |
| 606 1# - НАИМЕНОВАНИЕ ТЕМЫ КАК ПРЕДМЕТ | |
| Наименование темы | Судовые силовые установки |
| Системный номер авторитетной/нормативной записи | 1049517 |
| Идентификатор авторитетной/нормативной записи | RU\NLR\AUTH\6687414 |
| 606 1# - НАИМЕНОВАНИЕ ТЕМЫ КАК ПРЕДМЕТ | |
| Наименование темы | Судовые электроэнергетические системы |
| Тематический подзаголовок | Математическое моделирование |
| Системный номер авторитетной/нормативной записи | 2590767 |
| Идентификатор авторитетной/нормативной записи | RU\NLR\AUTH\661531066 |
| 686 1# - ИНДЕКСЫ ДРУГИХ КЛАССИФИКАЦИЙ | |
| Индекс | О462-01с116 |
| 700 #1 - ИМЯ ЛИЦА - ПЕРВИЧНАЯ ОТВЕТСТВЕННОСТЬ | |
| Начальный элемент ввода | Серебряков |
| Часть имени, кроме начального элемента ввода | А. В. |
| Расширение инициалов личного имени | Артем Владимирович |
| 701 #1 - ИМЯ ЛИЦА - АЛЬТЕРНАТИВНАЯ ОТВЕТСТВЕННОСТЬ | |
| Начальный элемент ввода | Стеклов |
| Часть имени, кроме начального элемента ввода | А. С. |
| Расширение инициалов личного имени | Алексей Сергеевич |
| 701 #1 - ИМЯ ЛИЦА - АЛЬТЕРНАТИВНАЯ ОТВЕТСТВЕННОСТЬ | |
| Графика поля | Кириллица |
| Материалы, к которым относится поле | rus |
| Начальный элемент ввода | Титов |
| Часть имени, кроме начального элемента ввода | В. Г. |
| Дополнения к именам, кроме дат | д-р техн. наук |
| Даты | 1943- |
| Расширение инициалов личного имени | Владимир Георгиевич |
| Системный номер авторитетной/нормативной записи | 101513 |
| Идентификатор авторитетной/нормативной записи | RU\NLR\AUTH\77118588 |
| 942 ## - ДОПОЛНИТЕЛЬНЫЕ ЭЛЕМЕНТЫ ЗАПИСИ (АБИС) | |
| Тип экземпляра АБИС | Книга |
| 980 ## - КОЛЛЕКЦИЯ | |
| Название коллекции | НБР |
| 980 ## - КОЛЛЕКЦИЯ | |
| Название коллекции | Национальная библиография |
Нет доступных экземпляров.